ՀՀ Գիտությունների ազգային ակադեմիայի հիմնարար գիտական գրադարան  =   Fundamental Scientific Library of NAS RA

ֆիզիկա : (Record no. 531606)

MARC details
000 -LEADER
fixed length control field 00699nam a2200193 a 4500
001 - CONTROL NUMBER
control field 000556894
003 - CONTROL NUMBER IDENTIFIER
control field AM-YEHGA
005 - DATE AND TIME OF LATEST TRANSACTION
control field 20250811114226.0
008 - FIXED-LENGTH DATA ELEMENTS--GENERAL INFORMATION
fixed length control field 071109s1917 gs d||||||||||||||0|arm|d
040 ## - CATALOGING SOURCE
Original cataloging agency AM-YEHGA
041 0# - LANGUAGE CODE
Language code of text/sound track or separate title arm
100 1# - MAIN ENTRY--PERSONAL NAME
Personal name Էլիբեկեան, Յ.
245 10 - TITLE STATEMENT
Title ֆիզիկա :
Remainder of title Հայոց միջնակարգ դպրոցների համար : (Ըստ Ցինգերի, Կոսոնոգովի, Բաչինսկու եւ ուր.) /
Statement of responsibility, etc. Կազմ.՝ Յ. Էլիբեկեան.
260 ## - PUBLICATION, DISTRIBUTION, ETC.
Place of publication, distribution, etc. Թիֆլիս :
Name of publisher, distributor, etc. տպ. Մամուլ,
Date of publication, distribution, etc. 1917.
300 ## - PHYSICAL DESCRIPTION
Extent Մաս ;
Dimensions 22 սմ.
505 10 - FORMATTED CONTENTS NOTE
Miscellaneous information Մաս I (1917, 192 էջ, գծանկ.)
650 14 - SUBJECT ADDED ENTRY--TOPICAL TERM
Topical term or geographic name entry element Ֆիզիկա
Form subdivision դասագիրք
942 ## - ADDED ENTRY ELEMENTS (KOHA)
Source of classification or shelving scheme Universal Decimal Classification
Koha item type Գրքեր / Books
Holdings
Withdrawn status Lost status Source of classification or shelving scheme Damaged status Not for loan Collection Home library Current library Date acquired Serial enumeration / chronology Total checkouts Full call number Barcode Date last seen Price effective from Koha item type Public note
    Universal Decimal Classification     Edgaryan Individual Collection Fundamental Scientific Library Fundamental Scientific Library 31/10/2024 Մ. 1   Էդգ/327 FL0685212 31/10/2024 31/10/2024 Գրքեր / Books ILL Non-Circ.


ՀՀ ԳԱԱ հիմնարար գիտական գրադարան
ՀՀ,Երևան 0019
Մարշալ Բաղրամյան 24/6
հեռախոս:(374-10) 52-47-50
Հետադարձ կապ

All site content, except where otherwise noted, is licensed under a
Creative Commons License